000 00849nam a2200241Ia 4500
003 OSt
005 20220927105328.0
006 a|||||r|||| 00| 0
007 ta
008 220926b |||||||| |||| 00| 0 eng d
024 _a188759
037 _cReference Collections
040 _aRTL
_cRTL
_beng
041 _2eng
_aeng
082 _a"Y:49(Q).4655, P9/UN"
110 _aUNITED NATIONS ECONOMIC AND SOCIAL COMMISSION FOR WESTERN ASIA
245 0 _aUnpacking the dynamics of communal tensions
_b A focus group analysis of perception among youth in Lebanon.
260 _aNew
_bYork United Nations
_c2009
300 _a"vii, 29p Bibliography: P 26-29"
_ccm.
700 _aUNITED NATIONS ECONOMIC AND SOCIAL COMMISSION FOR WESTERN ASIA
942 _h"Y:49(Q).4655, P9/UN"
_cCC
999 _c691879
_d691879